Ensayos sobre literatura filosófica: G. Simmel, R. Musil, R. M. Rilke, K. Kraus, W. Benjamin y J. Roth
محفوظ في:
| المؤلف الرئيسي: | |
|---|---|
| التنسيق: | كتاب |
| اللغة: | الإسبانية |
| منشور في: |
Madrid
Siglo Veintiuno
1995
|
| سلاسل: | Filosofía
|
| الموضوعات: | |
| الوسوم: |
إضافة وسم
لا توجد وسوم, كن أول من يضع وسما على هذه التسجيلة!
|
MARC
| LEADER | 00000nam a2200000 a 4500 | ||
|---|---|---|---|
| 001 | UCM5432 | ||
| 003 | CL-VaPUC | ||
| 005 | 20250318121538.0 | ||
| 008 | 021011e19950100SP |||||||||||||||||spa|d | ||
| 999 | |c 301498 |d 301496 | ||
| 040 | |c Pontificia Universidad Católica de Valparaíso | ||
| 082 | 0 | 4 | |a 808.849384 |b GAR |2 21 |
| 100 | |a García Alonso, Rafael |e author |9 551379 | ||
| 245 | 1 | 0 | |a Ensayos sobre literatura filosófica: G. Simmel, R. Musil, R. M. Rilke, K. Kraus, W. Benjamin y J. Roth |
| 260 | |a Madrid |b Siglo Veintiuno |c 1995 | ||
| 300 | |a 234 p | ||
| 490 | 0 | |a Filosofía | |
| 583 | |a last modification |c 20021011 00:00:00 |k Rodrigo Vera | ||
| 600 | 0 | |a Musil, Robert, |d 1880-1942 |9 871557 | |
| 600 | 0 | 7 | |a Kraus, Karl |d 1874-1936 |9 859713 |
| 600 | 0 | |a Benjamin, Walter |d 1892-1940 |9 269121 | |
| 600 | 0 | 7 | |a ROTH, JOSEPH |2 CL-VaPUC |9 471653 |
| 600 | 0 | 7 | |a SIMMEL, GEORG |2 CL-VaPUC |9 368203 |
| 600 | 0 | |a Rilke, Rainer Maria |9 265571 | |
| 650 | 0 | |a Ensayos filosóficos |9 318909 | |
| 852 | |a BIBCUR | ||
| 942 | |c BK |2 ddc | ||
| 945 | |d 20021011 00:00:00 |a vberengu | ||
| 952 | |0 0 |1 0 |4 0 |6 808_849384000000000_GAR_1995 |7 0 |8 A |9 360540 |a FDOPOS |b FDOPOS |d 2019-11-21 |i 3844250 |o 808.849384 GAR 1995 |p 3844250 |r 2025-01-22 |w 2019-11-21 |y BK |k MLH | ||
| 952 | |0 0 |1 0 |4 0 |6 808_849384000000000_GAR_1995 |7 0 |8 A |9 360541 |a FDOPOS |b FDOPOS |d 2019-11-21 |i 4697413 |o 808.849384 GAR 1995 |p 4697413 |r 2025-01-22 |w 2019-11-21 |y BK |k DLH | ||